000 00356nam a2200121Ia 4500
008 231129s2007||||xx |||||||||||||| ||spa||
082 _a320.52 R696c
100 _aRodriguez Vargas Gustavo
245 0 _aEl Conservatismo Ayer hoy y mañana
260 _c2007
264 _aBogotá : Instituto de Altos Estudios del Movimiento Nacional
942 _2ddc
_cBKS
999 _c10664
_d10664